| 000 | 00665nam a22001337a 4500 | ||
|---|---|---|---|
| 040 | _cRUA | ||
| 082 | _aAVM KEP 2012 B101 Or.1 | ||
| 100 | _aKEP CHANDARA | ||
| 245 | _aThe study on of mobility rate of sow at cambodia-china breeding pig demonstration farm, (ការសិក្សាលើជម្ងឺមេជ្រូកបំបៅកូន នៅស្ថានីយ៍ចិញ្ចឹមជ្រូកពូជបង្ហាញ កម្ពុជា-ចិន) | ||
| 260 |
_aPhnom Penh _bRua _c2012 |
||
| 300 |
_ax; 38p. _bill. _c29cm. |
||
| 856 | _uhttps://drive.google.com/file/d/1RXogsECedKqnxurJ3mNT9KMXbYLR4qEs/view?usp=sharing | ||
| 942 | _cAVM | ||
| 999 |
_c2609 _d2609 |
||